000 00509cam a22002054a 4500
005 20250605164320.0
008 250528s ||||||||||||||||||||||||d
035 _a22867
020 _a9780273646778
040 _aGR-AtMCL
_bgre
_dGR-AtMCL
_eAACR2
245 1 _aMARKETING PRINCIPLES AND PRACTICE
250 _a4
260 _bPrentice Hall,
_c2001
700 1 _aAdcock Dennis
_91991
700 1 _aHalborg Al
_91993
700 1 _aRoss Caroline
_91994
942 _cBK
999 _c7911
_d7911